LEADER 04748oam 2200637 c 450 001 996509964903316 005 20220221094418.0 010 $a3-8394-5358-5 024 3 $a9783839453582 035 $a(CKB)4100000011981528 035 $a(MiAaPQ)EBC6668318 035 $a(Au-PeEL)EBL6668318 035 $a(OCoLC)1259591440 035 $a(transcript Verlag)9783839453582 035 $a(DE-B1597)563003 035 $a(DE-B1597)9783839453582 035 $a(EXLCZ)994100000011981528 100 $a20220221d2021 uy 0 101 0 $ager 135 $aurcnu|||||||| 181 $ctxt$2rdacontent 182 $cc$2rdamedia 183 $acr$2rdacarrier 200 00$aMit Geschichte spielen$eZur materiellen Kultur von Spielzeug und Spielen als Darstellung der Vergangenheit$fChristoph Ku?hberger 205 $a1st ed. 210 $aBielefeld$ctranscript Verlag$d2021 215 $a1 online resource (453 pages) 225 0 $aPublic History - Angewandte Geschichte$v6 311 $a3-8376-5358-7 327 $aFrontmatter 1 Inhalt 5 Vorwort 9 Mit Geschichte spielen 13 Gestellte Geschichte(n)? 41 Zwischen Pra?destination und Kreativita?t 55 Phantastische Wesen und warum man sie u?berall findet 75 Zeitbezu?ge im Faschingskostu?m 91 »Das wa?re jetzt unsere Burg« 111 »Rosa war in der Zeit eben eine beliebte Farbe.« 137 Luxus in Pink? 157 »Yo, ho, ho und 'ne Buddel voll Rum!« 179 Wessen Tomahawk? Problematiken von (Miss-)Repra?sentationen 203 Indianer spielen 227 Spielzeugritterburgen aus media?vistischer Sicht 259 Playmobil®-Ritter als Ausdruck der Geschichtskultur 273 Kreativita?t trifft Kriegsspiel - die Spielra?ume des Gero von Greifenstein 301 Wandel und Kontinuita?t von historischen Themen in Spielzeugen von LEGO® und Playmobil® 319 Building a Mini-Parthenon 339 Geschichte im Brettspiel 359 Zur historischen Einbettung von Brettspielen 387 Geschichte (virtuell) spielen - und lernen? 407 English Abstracts 431 Autor_innen 447 330 $aSpielzeug und Spiele geho?ren zur grundlegenden Lebenswelt von Kindern. In der allta?glichen Praxis des Spielens begegnet ihnen eine Vielzahl an geschichtskulturellen Produkten. Die in diesen Dingen lagernden Narrationen und Interpretationen vermitteln Vorstellungen von der Vergangenheit und ihrer Beschaffenheit. Was Kinder u?ber Geschichte wissen, wird damit ganz basal von diesen Objekten beziehungsweise den damit verbundenen Praxen mitbestimmt. Mit den Beitra?gen des Bandes na?hern sich erstmals Expert*innen aus der Geschichtsdidaktik, Geschichts-, Kultur- und Erziehungswissenschaft diesem Pha?nomen an. Sie fokussieren dabei vor allem Aspekte der materiellen Kultur und des spielerischen Umgangs mit sowie Darstellungsmodi von Geschichte. 410 0$aPublic History - Angewandte Geschichte 606 $aGeschichtskultur; Geschichtsdidaktik; Kulturgeschichte; Spielsachen; Materielle Kultur; Spielen; Spielzeug; Kinder; Alltagspraxis; Geschichtsbewusstsein; Indianer; Piraten; Ritter; Brettspiele; Gesellschaftsspiele; Ho?rspiel; Erinnerungskultur; Popkultur; Europa?ische Geschichte; Public History; Geschichtswissenschaft; Culture of History; History Didactics; Cultural History; Material Culture; Toy; Children; Everyday Practice; Historical Thinking; Radio Play; Memory Culture; Popular Culture; European History; History; 610 $aChildren. 610 $aCultural History. 610 $aEuropean History. 610 $aEveryday Practice. 610 $aHistorical Thinking. 610 $aHistory Didactics. 610 $aHistory. 610 $aMaterial Culture. 610 $aMemory Culture. 610 $aPopular Culture. 610 $aRadio Play. 610 $aToy. 615 4$aGeschichtskultur; Geschichtsdidaktik; Kulturgeschichte; Spielsachen; Materielle Kultur; Spielen; Spielzeug; Kinder; Alltagspraxis; Geschichtsbewusstsein; Indianer; Piraten; Ritter; Brettspiele; Gesellschaftsspiele; Ho?rspiel; Erinnerungskultur; Popkultur; Europa?ische Geschichte; Public History; Geschichtswissenschaft; Culture of History; History Didactics; Cultural History; Material Culture; Toy; Children; Everyday Practice; Historical Thinking; Radio Play; Memory Culture; Popular Culture; European History; History; 686 $aDG 9400$2rvk 702 $aKu?hberger$b Christoph$pUniversita?t Salzburg und Salzburg Museum, O?sterreich$4edt 712 02$aSalzburg Museum$4fnd$4http://id.loc.gov/vocabulary/relators/fnd 801 0$bMiAaPQ 801 1$bMiAaPQ 801 2$bMiAaPQ 906 $aBOOK 912 $a996509964903316 996 $aMit Geschichte spielen$93008773 997 $aUNISA LEADER 03762nam 22006855 450 001 9910366582203321 005 20200705045736.0 010 $a3-030-19242-3 024 7 $a10.1007/978-3-030-19242-6 035 $a(CKB)4100000008493376 035 $a(DE-He213)978-3-030-19242-6 035 $a(MiAaPQ)EBC5799358 035 $a(EXLCZ)994100000008493376 100 $a20190624d2020 u| 0 101 0 $aeng 135 $aurnn|008mamaa 181 $ctxt$2rdacontent 182 $cc$2rdamedia 183 $acr$2rdacarrier 200 10$aFish Protection Technologies and Fish Ways for Downstream Migration /$fby Ulrich Schwevers, Beate Adam 205 $a1st ed. 2020. 210 1$aCham :$cSpringer International Publishing :$cImprint: Springer,$d2020. 215 $a1 online resource (XIV, 279 p. 183 illus., 177 illus. in color.) 311 $a3-030-19241-5 327 $aIntroduction -- Basic reqirements of fish protection and downstream passage -- Impact of Downstream passability -- Fish protection facilities -- Fishways for downstream migration -- Fish-friendly turbines -- Fish-friendly operational management -- Species-specific requirements -- Habitat measures -- Open questions and knowledge deficits. 330 $aThis book offers a comprehensive review of current systems for fish protection and downstream migration. It offers the first systematic description of the currently available technologies for fish protection at hydropower intakes, including accurate and timely data collected by the authors and other researchers. It describes how to design and test them in agreement with the guidelines established from the EU Water Framework Directive. The book includes important information about fish biology, with a special focus on swimming and migration mechanisms. It offers a robust bridge between concepts in applied ecology and civil hydraulic engineering, thus providing biologists and hydraulic engineers with an authoritative reference guide to both the theory and practice of fish protection. It is also of interest for planners, public authorities as well as environmental consultants . 606 $aEngineering geology 606 $aEngineering?Geology 606 $aFoundations 606 $aHydraulics 606 $aWildlife 606 $aFish 606 $aMarine sciences 606 $aFreshwater 606 $aRenewable energy resources 606 $aGeoengineering, Foundations, Hydraulics$3https://scigraph.springernature.com/ontologies/product-market-codes/T23020 606 $aFish & Wildlife Biology & Management$3https://scigraph.springernature.com/ontologies/product-market-codes/L25080 606 $aMarine & Freshwater Sciences$3https://scigraph.springernature.com/ontologies/product-market-codes/U36000 606 $aRenewable and Green Energy$3https://scigraph.springernature.com/ontologies/product-market-codes/111000 615 0$aEngineering geology. 615 0$aEngineering?Geology. 615 0$aFoundations. 615 0$aHydraulics. 615 0$aWildlife. 615 0$aFish. 615 0$aMarine sciences. 615 0$aFreshwater. 615 0$aRenewable energy resources. 615 14$aGeoengineering, Foundations, Hydraulics. 615 24$aFish & Wildlife Biology & Management. 615 24$aMarine & Freshwater Sciences. 615 24$aRenewable and Green Energy. 676 $a624.15 676 $a624.15 700 $aSchwevers$b Ulrich$4aut$4http://id.loc.gov/vocabulary/relators/aut$01061167 702 $aAdam$b Beate$4aut$4http://id.loc.gov/vocabulary/relators/aut 906 $aBOOK 912 $a9910366582203321 996 $aFish Protection Technologies and Fish Ways for Downstream Migration$92517758 997 $aUNINA LEADER 01667oam 2200589zu 450 001 9911019155603321 005 20251116163540.0 010 $a0-470-77832-6 010 $a0-470-77127-5 010 $a0-470-77141-0 035 $a(CKB)2500000000001595 035 $a(SSID)ssj0000354603 035 $a(PQKBManifestationID)11275373 035 $a(PQKBTitleCode)TC0000354603 035 $a(PQKBWorkID)10313578 035 $a(PQKB)10609024 035 $a(EXLCZ)992500000000001595 100 $a20160829d1972 uy 101 0 $aeng 181 $ctxt 182 $cc 183 $acr 200 14$aThe chemistry of acyl halides 210 31$a[Place of publication not identified]$cInterscience$d1972 225 0 $aThe Chemistry of functional groups The chemistry of acyl halides 300 $aBibliographic Level Mode of Issuance: Monograph 311 08$a0-471-66936-9 606 $aAcyl halides 606 $aHalogens 606 $aAlkalies 606 $aInorganic Chemicals 606 $aElements 606 $aChemicals and Drugs 606 $aOrganic Chemistry$2HILCC 606 $aChemistry$2HILCC 606 $aPhysical Sciences & Mathematics$2HILCC 615 0$aAcyl halides. 615 2$aHalogens. 615 2$aAlkalies. 615 2$aInorganic Chemicals. 615 2$aElements. 615 2$aChemicals and Drugs 615 7$aOrganic Chemistry 615 7$aChemistry 615 7$aPhysical Sciences & Mathematics 676 $a547/.02 700 $aPatai$b Saul$0335987 801 0$bPQKB 906 $aBOOK 912 $a9911019155603321 996 $aThe chemistry of acyl halides$91959130 997 $aUNINA